Trio de Choix - Compositeurs classiques - Statistiques

Statistiques générales
  • Ce quiz a été pris 266 fois
  • Le résultat moyen est 10 sur 15
Statistiques - réponses
Question Réponse % Correct

Un film sur lui sorti en 1984 a remporté 8 Oscars

93%

Il est l'auteur de l'opéra Les Noces de Figaro

89%

Sa dixième Symphonie est restée inachevée

86%

Il n'est pas décédé à Vienne

82%

Il composait assis par terre à l'aide d'un piano sans pied pour ressentir les vibrations de sa musique

82%

Il a eu 20 enfants

82%

Il compose son premier opéra Apollo et Hyacinthus à l'âge de 11 ans

75%

Il signait ses œuvres par S.D.G (Soli Deo Gloria : À Dieu seul la gloire)

71%

Il mesurait 1,52m

68%

Oratorio de Noël est l'une de ses œuvres

64%

Il fut l'époux de Constance Weber

61%

Il est né à Bonn

54%

Il est né au XVIIe siècle

54%

Il fut surnommé "l'Espagnol" à cause de son teint mat

43%

Il a composé 32 sonates pour piano

25%
Aucun quiz correspondant
Distribution des résultats
% des personnes avec chaque résultat
Percentile par nombre de réponses
Votre historique - résultats
Vous n’avez pas pris ce quiz